Сборник заданий по высшей математике: типовые расчеты: учебное пособие

Bibliografski detalji
Glavni autor: Кузнецов Л. А. Леонид Анатольевич
Sažetak:Пособие содержит индивидуальные задания для студентов технических вузов по курсу высшей математики (по 31 варианту в каждой задаче) и предназначено для обеспечения самостоятельной работы по освоению курса. Каждое задание содержит теоретические вопросы, теоретические упражнения и расчетную часть. Книга содержит раздел, посвященный уравнениям математической физики.
Jezik:ruski
Izdano: СПб., Лань, 2008
Izdanje:11-е изд., стер.
Serija:Учебник для вузов. Специальная литература
Teme:
Format: Knjiga
KOHA link:https://koha.lib.tpu.ru/cgi-bin/koha/opac-detail.pl?biblionumber=158798

MARC

LEADER 00000nam0a2200000 4500
001 158798
005 20231101222049.0
010 |a 9785811405749 
035 |a (RuTPU)RU\TPU\book\172223 
035 |a RU\TPU\book\149688 
090 |a 158798 
100 |a 20090428d2008 m y0rusy50 ca 
101 0 |a rus 
102 |a RU 
105 |a y j 000zy 
200 1 |a Сборник заданий по высшей математике: типовые расчеты  |e учебное пособие  |f Л. А. Кузнецов 
205 |a 11-е изд., стер. 
210 |a СПб.  |c Лань  |d 2008 
215 |a 240 с. 
225 1 |a Учебник для вузов. Специальная литература 
330 |a Пособие содержит индивидуальные задания для студентов технических вузов по курсу высшей математики (по 31 варианту в каждой задаче) и предназначено для обеспечения самостоятельной работы по освоению курса. Каждое задание содержит теоретические вопросы, теоретические упражнения и расчетную часть. Книга содержит раздел, посвященный уравнениям математической физики. 
451 1 |0 (RuTPU)RU\TPU\book\149688  |y 978-5-8114-0574-9  |t Сборник заданий по высшей математике: типовые расчеты: учебное пособие/ Л. А. Кузнецов  |o учебное пособие  |f Л. А. Кузнецов  |e 10-е изд., стер.  |c СПб.  |n Лань  |d 2008  |p 240 с.  |s Учебник для вузов. Специальная литература  |a Кузнецов, Леонид Анатольевич 
606 1 |a Математика высшая  |2 stltpush  |3 (RuTPU)RU\TPU\subj\3986  |9 32308 
610 1 |a учебные пособия 
610 1 |a индивидуальные задания 
610 1 |a типовые расчеты 
610 1 |a пределы 
610 1 |a дифференцирование 
610 1 |a графики 
610 1 |a интегралы 
610 1 |a дифференциальные уравнения 
610 1 |a ряды 
610 1 |a кратные интегралы 
610 1 |a векторный анализ 
610 1 |a аналитическая геометрия 
610 1 |a линейная алгебра 
610 1 |a математическая физика 
675 |a 51(076)  |v 3 
700 1 |a Кузнецов  |b Л. А.  |g Леонид Анатольевич 
801 1 |a RU  |b 63413507  |c 20080521  |g PSBO 
801 2 |a RU  |b 63413507  |c 20210204  |g PSBO 
900 |a Высшая математика 
900 |a Математический анализ 
942 |c BK 
952 |a 510000  |a 550000  |a 540500 
959 |a 37/20090319  |d 40  |e 165,00  |f УФ:20  |f Ф_ТПУ_Новокузнецк:20 
959 |a 95/20090918  |d 100  |e 191,40  |f УФ:100